000 00879nam a22002897a 4500
003 CHAP
005 20220329140056.0
008 971013s1919 r 00010 d
010 _a46600
011 _a47572
035 _a51715
040 _cCHAP
090 _aFolleto 3050
110 _aUniversidad de Concepción. Chile. Departamento de Botánica
_9116414
245 _aIndex seminum, 19 -
260 _aConcepción :
_bLa Universidad,
_c19 - 19
300 _av.
500 _aLa biblioteca tiene: 1975
590 _aBATCH-UPD
_b10
_c20130110
_lUCH01
_h1559
590 _aBATCH-UPD
_b10
_c20130410
_lUCH01
_h0956
590 _aBATCH-UPD
_b10
_c20130914
_lUCH01
_h2018
590 _aCONVERSION
_b10
_c20130109
_lUCH01
_h1325
650 1 4 _aSemillas
_xCatálogos.
_9103882
901 _aBK
942 _cFOLL
949 _aFolleto 3050
_bBC
_cFOLL
_d-115540
_eTS1
_f1975
_i51715
_mD
_si
999 _c46600
_d46600